Bowser's Inside Story quiz Stats

 Plays Quiz not verified by Sporcle

Challenge
Share
Tweet
Embed
Score 0/16 Timer 13:00
0 Plays Today
Question Answer % Correct
what color is starlow???yellow
86%
what is Fawful's pig's name???midbus
85.4%
who does bowser have to fight at fawful theatre???midbus
85.4%
What is the name of the guy trying to get the dark star???fawful
84.1%
What does starlow tell Bowser her name is???chippy
77.1%
True or False? Bowser fights Midbus 2 times???false
77.1%
what are the very first minions bowser findsgoombas
69.4%
how do mario and Luigi escape Bowser's body???a pipe
68.2%
Question Answer % Correct
what power does fawful give midbus to defeat Bowser in peach castle???ice
67.5%
what is the name of the tower that bowser fights?tower of yikk
57.3%
what is Mario and Luigi's very first special attack???shell
54.8%
what is the what is the name of the old turtle who does puzzles???kuzzle
49.7%
what move do you do with Bowser if you punch while walkingslide
48.4%
what does Fawful turn Bowser's castle into???fawful theatre
43.3%
what does luigi pretend to have to get an appointment at the toad clinic???chest pains
33.1%
what do you have to fight to get the first star sage???worm
22.9%

You're not logged in!

Compare scores with friends on all Sporcle quizzes.
OR
Log In

You Might Also Like...

Show Comments

Extras

Created Apr 6, 2011ReportNominate
Tags:bowser, inside, story

Top Quizzes Today


Score Distribution

Your Account Isn't Verified!

In order to create a playlist on Sporcle, you need to verify the email address you used during registration. Go to your Sporcle Settings to finish the process.

Report this User

Report this user for behavior that violates our Community Guidelines.

Details: